Vplyv človeka na bezpečnosť systémov

Význam ľudského faktora v pracovnom procese a jeho vplyv na spoľahlivosť a bezpečnosť systémov. Porovnanie vlastností človeka a stroja. Spoľahlivosť a bezpečnosť človeka. Výskumy vzťahujúce sa na chybné konanie človeka. Príčiny chybného konania človeka. Dôležitosť skúmania ľudských chýb a z toho vyp...

ver descrição completa

Na minha lista:
Detalhes bibliográficos
Autor principal: Sabo, Milan
Formato: Capítulo de Livro
Idioma:eslovaco
Assuntos:
Tags: Adicionar Tag
Sem tags, seja o primeiro a adicionar uma tag!

MARC

LEADER 00000naa$a2200000$$$4500
001 0065661
005 20230511072740.1
041 0 |a slo 
044 |a SK 
245 1 0 |a Vplyv človeka na bezpečnosť systémov  |c Milan Sabo 
520 |a Význam ľudského faktora v pracovnom procese a jeho vplyv na spoľahlivosť a bezpečnosť systémov. Porovnanie vlastností človeka a stroja. Spoľahlivosť a bezpečnosť človeka. Výskumy vzťahujúce sa na chybné konanie človeka. Príčiny chybného konania človeka. Dôležitosť skúmania ľudských chýb a z toho vyplývajúcich zlyhaní či nehôd z pohľadu ochrany a bezpečnosti zdravia. 
610 2 0 |a prostredie pracovné 
610 2 0 |a stroje 
610 2 0 |a bezpečnosť 
610 2 0 |a úrazy pracovné 
610 2 0 |a ochrana zdravia 
610 2 0 |a bezpečnosť práce 
100 1 |a Sabo, Milan